Who's Talking to Tyrion? Quiz Stats

 Plays Quiz Updated Aug 15, 2016

Challenge
Share
Tweet
Embed
Score 0/18 Timer 06:00
2 Plays Today
Quote Character % Correct
You think Father's letter keeps you safe? A piece of paper. Eddard Stark had a piece of paper too, for all the good it did him.Cersei Lannister
91%
It's good to be a knight. No more looking for the cheaper brothels down the street.Bronn
82.6%
Power resides where men believe it resides. No more and no less. It is a shadow on the wall. Yet shadows can kill. And oftimes a very small man can cast a very large shadow.Varys
80.3%
Can you fly, my lord of Lannister? Does a dwarf have wings? If not, you would be wiser to swallow the next threat that come to mind.Lady Lysa
76.2%
Mummers and monkeys require applause. So did Aerys, for that matter. You did as you were commanded, and I am sure it was to the best of your ability.Tywin Lannister
72.8%
Courtesy is a lady's armor.Sansa Stark
72.5%
You'll defend the honor of my realm, won't you? You can ride the pig!Joffrey Baratheon
71.9%
If I wasn't here, he'd tear out your throat.Jon Snow
68.4%
I heard tell you almost burned the city down.Jaime Lannister
60.7%
Quote Character % Correct
Little boyman, will you mock my axe after I chop off your manhood and feed it to the goats?Shagga, son of Dolf
59.3%
A lady might be afraid. But I'm not.Shae
57.8%
Drink with the dwarf, it's said, and you wake up walking on the Wall. Black brings out my unhealthy pallor.Petyr Baelish
51.2%
We will see about this, Imp. Dwarf. Perhaps it will be you on that ship, what do you think of that? Perhaps it will be you on the Wall.Janos Slynt
50.1%
When I was a boy, it was said that a long summer always meant a long winter to come. This summer has lasted nine years, Tyrion, and a tenth will soon be upon us. Think on that.Jeor Mormont
44.5%
Do you think I sailed all the way from Eastwatch-by-the-Sea to be mocked by the likes of you? This is no jape.Alliser Thorne
44.4%
Seventy-seven courses, I daresay. Don't you find that a bit excessive, my lord? I shan't eat more than three or four bites myself, but you and I are very little, aren't we?Olenna Tyrell
44.2%
The midden heap you call King's Landing? Not only do I see it, I believe I smell it now.Oberyn Martell
40.6%
A voice from nowhere. Spirits of the air! … My pardons. I did not see you standing there.Sandor Clegane
34.2%

You're not logged in!

Compare scores with friends on all Sporcle quizzes.
OR
Log In

You Might Also Like...

Show Comments

Extras

Top Quizzes Today


Score Distribution

Your Account Isn't Verified!

In order to create a playlist on Sporcle, you need to verify the email address you used during registration. Go to your Sporcle Settings to finish the process.

Report this User

Report this user for behavior that violates our Community Guidelines.

Details: